Statistiken für In welcher Stadt spielen diese Filme?

Klicken Sie hier um das Quiz zu spielen!

Allgemein

  • Dieses Quiz wurde 233 mal gespielt
  • Das Durchschnittsergebnis liegt bei 6 aus 11

Antwortstatistiken

FilmStadt% Korrekt
RatatoiulleParis
95%
The Kings Speech - Die Rede des KönigsLondon
92%
Es war einmal in AmerikaNew York City
90%
Das Leben der AnderenBerlin
79%
Nightcrawler- Jede Nacht hat ihren PreisLos Angeles
66%
Slumdog MillionärMumbai
59%
VertigoSan Francisco
36%
ArgoTeheran
24%
RomaMexiko-Stadt
17%
Die Entdeckung der UnendlichkeitCambridge
15%
Endstation SehnsuchtNew Orleans
10%

Verteilung der Resultate

Perzentil nach korrekt beantworteten Fragen

Anzahl Personen mit jedem Resultat

Ihre Resultats-Entwicklung

Sie haben dieses Quiz noch nicht gespielt